| 000 | 00709nam a22002297a 4500 | ||
|---|---|---|---|
| 999 |
_c10470 _d10470 |
||
| 001 | 10470 | ||
| 003 | BD-JhCC | ||
| 005 | 20180430124454.0 | ||
| 008 | 180430b1960 usa |||| |||| 000 0 eng d | ||
| 035 | _a(BD-JhCC)10470 | ||
| 040 |
_aBD-JhCC _dBD-JhCC |
||
| 041 | _aeng | ||
| 082 |
_bHIL 1960 _a822.33 |
||
| 100 | _aHillegass, Clifton K. | ||
| 245 |
_aTwelfth night notes, including scene by scene synopsis, character sketches, selected examination questions and answers / _cClifton K. Hillegass, |
||
| 260 |
_aLincoln : _bCliff's Notes, _c1960. |
||
| 300 |
_a70 p. : _c19 cm. |
||
| 504 | _aIncludes bibliogarphy | ||
| 650 | _aTwelfth night (Shakespeare, William) | ||
| 942 |
_2ddc _cBK |
||